00501nam a2200193 a 4500001001300000003000900013005001700022008004100039020001000080082002100090100002600111245002000137260003200157300001000189500003500199505002000234650002700254700002600281nice12345678IN_TiNIC20260116011354.0050524s1950 dela grd 000 0 ara  ac10000a492.7391439bBAL aBaliawi, Abdul Hafeez aMisbahul Lughat aDelhibMaktaba Burhanc1950 a1022p aincludes index and biblioraphy2 aIndex, Glossary aDictionary-Arabic Urdu1 aBaliawi, Abdul Hafeez